| 000 -LEADER |
| fixed length control field |
01131cam a2200313 a 4500 |
| 001 - CONTROL NUMBER |
| control field |
2542908 |
| 003 - CONTROL NUMBER IDENTIFIER |
| control field |
OSt |
| 005 - DATE AND TIME OF LATEST TRANSACTION |
| control field |
20210417111004.0 |
| 008 - FIXED-LENGTH DATA ELEMENTS--GENERAL INFORMATION |
| fixed length control field |
940812s1995 nyuaf b 001 0 eng |
| 010 ## - LIBRARY OF CONGRESS CONTROL NUMBER |
| LC control number |
94033931 |
| 020 ## - INTERNATIONAL STANDARD BOOK NUMBER |
| International Standard Book Number |
0805036539 |
| 040 ## - CATALOGING SOURCE |
| Original cataloging agency |
DLC |
| Transcribing agency |
DLC |
| Modifying agency |
DLC |
| 050 00 - LIBRARY OF CONGRESS CALL NUMBER |
| Classification number |
Z992 |
| Item number |
.B34 1995 |
| 080 ## - UNIVERSAL DECIMAL CLASSIFICATION NUMBER |
| Universal Decimal Classification number |
94 |
| Item number |
B-29 |
| 082 00 - DEWEY DECIMAL CLASSIFICATION NUMBER |
| Classification number |
002/.075 |
| Edition number |
20 |
| 100 1# - MAIN ENTRY--PERSONAL NAME |
| Personal name |
Basbanes, Nicholas A., |
| Dates associated with a name |
1943- |
| 245 12 - TITLE STATEMENT |
| Title |
A gentle madness : |
| Remainder of title |
bibliophiles, bibliomanes, and the eternal passion for books / |
| Statement of responsibility, etc. |
Nicholas A. Basbanes. |
| 250 ## - EDITION STATEMENT |
| Edition statement |
1st ed. |
| 260 ## - PUBLICATION, DISTRIBUTION, ETC. |
| Place of publication, distribution, etc. |
New York : |
| Name of publisher, distributor, etc. |
H. Holt and Co., |
| Date of publication, distribution, etc. |
1995. |
| 300 ## - PHYSICAL DESCRIPTION |
| Extent |
xvi, 638 p., 32 p. of plates : |
| Other physical details |
ill. ; |
| Dimensions |
24 cm. |
| 504 ## - BIBLIOGRAPHY, ETC. NOTE |
| Bibliography, etc. note |
Includes bibliographical references (p. 575-612) and index. |
| 650 #0 - SUBJECT ADDED ENTRY--TOPICAL TERM |
| Topical term or geographic name entry element |
Book collecting. |
| 650 #0 - SUBJECT ADDED ENTRY--TOPICAL TERM |
| Topical term or geographic name entry element |
Bibliomania. |
| 653 ## - INDEX TERM--UNCONTROLLED |
| Uncontrolled term |
ბიბლიოგრაფია |
| 856 42 - ELECTRONIC LOCATION AND ACCESS |
| Materials specified |
Publisher description |
| Uniform Resource Identifier |
<a href="http://www.loc.gov/catdir/enhancements/fy0667/94033931-d.html">http://www.loc.gov/catdir/enhancements/fy0667/94033931-d.html</a> |
| 906 ## - LOCAL DATA ELEMENT F, LDF (RLIN) |
| a |
7 |
| b |
cbc |
| c |
orignew |
| d |
1 |
| e |
ocip |
| f |
19 |
| g |
y-gencatlg |
| 942 ## - ADDED ENTRY ELEMENTS (KOHA) |
| Source of classification or shelving scheme |
|
| Koha item type |
Books |
| Edition |
1 |